| 000 | 00522nam a2200181Ia 4500 | ||
|---|---|---|---|
| 008 | 240925s9999 xx 000 0 und d | ||
| 020 | _a9780071068130 | ||
| 082 | _a650 LAW | ||
| 100 | _aLawrence, T Anne | ||
| 245 | 0 | _aBusiness and Society: stakeholders, ethics, public policy | |
| 250 | _a12th | ||
| 260 |
_aNew Delhi: _bMcGraw Hill Education (India) Private Limited _c,2010. |
||
| 300 |
_axxix, 668p. _b0 _fOriginal |
||
| 500 | _aIncludes Index | ||
| 600 | _aSocial Sciences | ||
| 650 | _aManagement | ||
| 942 | _cBK | ||
| 999 |
_c15195 _d15195 |
||